Wiedza ogólna - geografia #5 - Statystyki

Ogólne statystyki
  • Ten quiz został rozwiązany 59 razy
  • Średni wynik to 3 z 5
Statystyki odpowiedzi
Opis Odpowiedź % Poprawnych
Przyrząd służący od tysięcy lat, do wyznaczania kierunków geograficznych Kompas
88%
Inna nazwa Oceanu Spokojnego Pacyfik
82%
Kraj należący do UE, geograficznie znajdujący się poza Europą Cypr
71%
Kraj o takiej samej nazwie jak tlenek węgla II Czad
63%
Największa wyspa Korei Południowej Jeju
31%
Nie znaleziono quizów pasujących do podanych kryteriów
Rozkład punktacji
Procent ludzi z każdym wynikiem
Percentyl według liczby udzielonych odpowiedzi
Twoja historia wyników
Nie rozwiązałeś tego quizu